000 00356cam a2200145ua 4500
003 OSt
008 241231b |||||||| |||| 00| 0 eng d
041 _aeng
082 _a621.366
_bDAS/LA
100 _aDas, P .
_96662
245 _aLasers and optical engineering /
260 _aNew York :
_bSpringer Verlag ,
_c1991.
300 _a470 ; .
942 _cBK
999 _c13229
_d13229